000 01261nam a2200253Ia 4500
008 0000002005 usad 0000000000eng00
020 _a848851185X
090 _aPSP00 J81j
245 1 0 _aJuan Navarro Baldeweg
_b: recent paintings
300 _a27 p.
_c/ 24 cm.
500 _aExposición realizada en Marlborough Chelsea, New York, marzo 24 a abril 23 de 2005 \ Incluye cronología del artista \ Registro auspiciado por la FGAA. Bogotá
501 _aThe magical theater / Enrique Juncosa
505 _aOBRAS : Portrait Figures in a crystal glass I Figures in a crystal glass II Figures in a crystal glass III The hand (polyptych) Blue glass Glass with figures Blue crystal glass with figures Hand and crystal glass with figures (diptych) Green crystal glass II Crystal glass with figure I Crystal glass with figure II
600 0 0 _aNAVARRO BALDEWEG, JUAN, 1939/
_xTRABAJOS PICTORICOS
650 1 4 _aARTE CONTEMPORANEO ESPAÑOL
650 1 4 _aARTISTAS PLASTICOS ESPAÑOLES EXPOSIONES
650 1 4 _xCATALOGOS
650 1 4 _xEXPOSICIONES
650 1 4 _aPINTORES ESPAÑOLES
650 1 4 _aPINTURA AL OLEO
650 1 4 _aPINTURA ESPAÑOLA
700 1 _aJuncosa, Enrique
999 _c10964
_d10964
260 _aNew York : Marlborough Chelsea
_c2005